LEADER 01369cam0-2200385---450- 001 990004202550403321 005 20090713122529.0 010 $a2-85036-005-8 035 $a000420255 035 $aFED01000420255 035 $a(Aleph)000420255FED01 035 $a000420255 100 $a19990604e19781690km-y0itay50------ba 101 0 $afre 102 $aFR 105 $ay---e---000yy 200 1 $a<>dictionnaire universel$fd' Antoine Furetière$gpréface par Pierre Bayle$gillustré par Callot, Abraham Bosse et les plus grands graveurs du XVII siècle choisis par Claude Helft$gprécédé d'une biographie de son auteur et d'une analyse de l'ouvrage par Alain Rey$esuivi d'une biographe, d'un index thèmatique, et d'un index des principaux auteurs cités 205 $aRipr. facs. 210 $aParis$cLe Robert$d1978 215 $a3 v.$d31 cm 324 $aRipr. facs. dell'ed.: La Haye et Rotterdam, 1690 676 $a443 700 1$aFuretière,$bAntoine$f<1620-1688>$0390997 702 1$aBayle,$bPierre 702 1$aBosse,$bAbraham 702 1$aCallot,$bJacques 702 1$aHelft,$bClaude 702 1$aRey,$bAlain 801 0$aIT$bUNINA$gRICA$2UNIMARC 901 $aBK 912 $a990004202550403321 952 $a443 FUR 1(1-3)$bBibl.56567$fFLFBC 959 $aFLFBC 996 $aDictionnaire universel$9483538 997 $aUNINA LEADER 03104nam 2200769z- 450 001 9910557602603321 005 20210501 035 $a(CKB)5400000000045377 035 $a(oapen)https://directory.doabooks.org/handle/20.500.12854/69310 035 $a(oapen)doab69310 035 $a(EXLCZ)995400000000045377 100 $a20202105d2020 |y 0 101 0 $aeng 135 $aurmn|---annan 181 $ctxt$2rdacontent 182 $cc$2rdamedia 183 $acr$2rdacarrier 200 00$aHost-Directed Therapies for Tuberculosis 210 $aBasel, Switzerland$cMDPI - Multidisciplinary Digital Publishing Institute$d2020 215 $a1 online resource (120 p.) 311 08$a3-03943-501-9 311 08$a3-03943-502-7 330 $aTB is considered as one of the oldest documented infectious diseases in the world and is believed to be the leading cause of mortality due to a single infectious agent. Mtb, the causative agent responsible for TB, continues to afflict millions of people worldwide. Furthermore, one-third of the entire world's population has latent TB. Consequently, there has been a worldwide effort to eradicate and limit the spread of Mtb through the use of antibiotics. However, management of TB is becoming more challenging with the emergence of drug-resistant and multi-drug resistant strains of Mtb. Furthermore, when administered, many of the anti-TB drugs commonly present severe complications and side effects. Novel approaches to enhance the host immune responses to completely eradicate Mtb infection are urgently needed. This Special Issue will therefore cover most recent advances in the area of host-directed therapies for TB. 606 $aBiology, life sciences$2bicssc 606 $aResearch & information: general$2bicssc 610 $aantioxidants 610 $aantiplatelet 610 $aaspirin 610 $aautophagy 610 $aBCG vaccination 610 $aco-infections 610 $aco-morbidities 610 $acytokines 610 $agene expression 610 $aglutathione 610 $agranulomas 610 $ahost-directed therapies 610 $aimmune exhaustion 610 $aimmune response 610 $aimmune responses 610 $aimmunomodulation 610 $ainflammation 610 $ainvasive procedure 610 $airon supplementation 610 $alatent infection 610 $alung cancer 610 $aM. tb 610 $amisdiagnosis 610 $aMycobacterium tuberculosis 610 $apathology 610 $aPerls' stain 610 $apulmonary 610 $arabbit 610 $aredox imbalance 610 $arevising 610 $asurvival 610 $aTaiwan 610 $atuberculosis 610 $atype 2 diabetes 615 7$aBiology, life sciences 615 7$aResearch & information: general 700 $aVenketaraman$b Vishwanath$4edt$01303388 702 $aVenketaraman$b Vishwanath$4oth 906 $aBOOK 912 $a9910557602603321 996 $aHost-Directed Therapies for Tuberculosis$93026986 997 $aUNINA LEADER 01908nam0 2200445 i 450 001 CFI0139521 005 20251003044125.0 010 $a8842030279 020 $aIT$b90-12272 100 $a19910108d1988 ||||0itac50 ba 101 | $aita 102 $ait 181 1$6z01$ai $bxxxe 182 1$6z01$an 200 1 $aDove va l'economia italiana?$fa cura di Jader Jacobelli 210 $aRoma [ecc.]$cLaterza$d1988 215 $aVI, 200 p.$d18 cm 225 | $aSaggi tascabili Laterza$v127 300 $aIndicazione di A. sul dorso: AA. VV. 410 0$1001CFI0000433$12001 $aSaggi tascabili Laterza$v127 606 $aItalia$xEconomia$xPrevisioni$2FIR$3CFIC003059$9I 676 $a330$9SCIENZE ECONOMICHE$v19 676 $a330.945$9SITUAZIONI E CONDIZIONI ECONOMICHE. ITALIA$v12 676 $a330.945$9Situazione e condizioni economiche. Italia$v22 676 $a330.9450928$9$v21 676 $a330.9450928$9SITUAZIONI E CONDIZIONI ECONOMICHE. Italia. 1980-1989.$v23 696 $aPrevisione$aEconomia reale$aAttività economiche$aAspetti economici 699 $aPrevisioni$zPrevisione 699 $aEconomia$yEconomia reale 699 $aEconomia$zAttività economiche 699 $aEconomia$zAspetti economici 702 1$aJacobelli$b, Jader$3CFIV022029 801 3$aIT$bIT-000000$c19910108 850 $aIT-BN0095 901 $bNAP 01$cPOZZO LIB.$nVi sono collocati fondi di economia, periodici di ingegneria e scienze, periodici di economia e statistica e altri fondi comprendenti documenti di economia pervenuti in dono. 912 $aCFI0139521 950 0$aBiblioteca Centralizzata di Ateneo$c1 v.$d 01POZZO LIB.F. PARRAVICINI 260$e 0101 0600160675E VMA 1 v. (Precedente collocazione P 212)$fB $h20220912$i20220912 977 $a 01 996 $aDove va l'economia italiana$9498662 997 $aUNISANNIO